LEADER 01384nam a2200325 a 4500 001 000000176903 003 CaOOAMICUS 005 20240607111133.0 008 240607r2022 it kda u000 u ita r 020 $a978-88-430-9962-7* 032 $aLibriCat 040 $aPUL$bita 082 1 $a530.01 100 1 $aCosmelli , Carlo.$0(OLS)http://pul/name/113711 245 10$aFisica per filosofi / $cCarlo Cosmelli ; percorsi storico-filosofici di Paolo Pecere. 250 $a3.ristampa edizione 2021. 260 $aRoma :$bCarocci,$c2022. 300 $a382 p. :$bform., graf.,ill. ;$c22 cm 490 1 $aQuality paperbacks ;$v611 504 $aComprende riferimenti bibliografici. 650 4$aFisica e filosofia$ySec. XX.$0(OLS)http://pul/subject/23984 700 1 $aPecere, Paolo.$0(OLS)http://pul/name/52665 830 0$aQuality paperbacks (Carocci) ;$v611.$0(OLS)http://pul/title/103487 850 $aPUL 852 $aPUL$W1$xSL Cons. Gen., Altre Classi 3$y75$m530. 01 COSCA 1$j200905$bRistampa 2022$qDDC 21$B205862$CPULBib$Z2$F205862 $H137100 $82 996 $6020$a978-88-430-9962-7*$9(OLS)http://pul/number/169771 996 $6082$a530.01$9(OLS)http://pul/classification/3177 996 $6245$aFisica per filosofi / $9(OLS)http://pul/title/218405 996 $6260$aRoma :$bCarocci$9(OLS)http://pul/publisher/66917 LEADER 01578nam a2200325 a 4500 001 000000133993 003 CaOOAMICUS 005 20250923165158.0 008 130523s2010 ne c u000 u eng r 020 $z9789004181267* 040 $aPUL$bita 082 04$a180 111 2 $aS.V. Keeling Colloquium in Ancient Philosophy$n(7th :$d2007 :$cUniversity College London).$0(OLS)http://pul/name/86348 245 10$aParticulars in Greek philosophy :$bthe seventh S.V. Keeling Colloquium in Ancient Philosophy /$cedited by Robert W. Sharples. 260 $aLeiden ;$aBoston :$bBrill,$c2010. 300 $aXI, 189 p. :$britr. ;$c25 cm 490 1 $aPhilosophia antiqua ;$v120 504 $aContiene indicazioni bibliografiche e indice. 600 04$aAristoteles,$d384-322 a.C.$vCongressi.$0(OLS)http://pul/subject/18757 650 4$aEtica$xCongressi.$0(OLS)http://pul/subject/24160 700 1 $aSharples, Robert W.,$d1949-2010.$0(OLS)http://pul/name/35051 830 0$aPhilosophia antiqua ;$v120.$0(OLS)http://pul/title/2231 850 $aPUL 852 $aPUL$W1$xSL Filosofia 3$y81$m180 COLL 3.120$j154062$qDDC 21$B153613$CPULBib$Z2$F153613 $H122464 $82 941 1 $a9 996 $6020$z9789004181267*$9(OLS)http://pul/number/152770 996 $6082$a180$9(OLS)http://pul/classification/366 996 $6245$aParticulars in Greek philosophy :$bthe seventh S.V. Keeling Colloquium in Ancient Philosophy$9(OLS)http://pul/title/169396 996 $6260$aLeiden ;$aBoston :$bBrill$9(OLS)http://pul/publisher/68781